000 00492 a2200169 4500
005 20250625141113.0
020 _a978-0-230-57354-3
082 _aLM 510.246 STR
100 _aSTROUD, K. A.
245 _aEngineering Mathematics
250 _a6th Ed.
260 _aHampshire,
_bPalgrave Macmillan,
_c2007.
300 _axxx,1258p.: Ill.; figure & table
_bIndex,
_c25cm.
700 _aBOOTH, D. J.
856 _yAccess Online Book
_fEngineering Mathematics
_dwww.palgrave.com
942 _2ddc
_cBKS
999 _c3876
_d3876